000 00694nam a2200289Ia 4500
005 20260324150651.0
008 008 260324s9999 xx 000 0 eng d
020 _a9781315007397
037 _aEBOOK
040 _aCRL
040 _beng
040 _cCRL
041 _2eng
041 _aeng
084 _qCRL
100 _aMargot Jefferys
_91218502
245 0 _aMobility in the Labour Market
245 0 _bEmployment Changes in Battersea and Dagenham
260 _bTaylor and Francis
260 _c1954
365 _a
365 _b300
856 _uhttp://www.taylorfrancis.com/books/9781315007397
942 _cEBOOK
999 _c1837070
_d1837070